| 000 | 00719nam a2200193 a 4500 | ||
|---|---|---|---|
| 003 | BD-DhJNU | ||
| 005 | 20260104061009.0 | ||
| 008 | 251001s2013 ii a b 001 0 eng | ||
| 040 |
_aBD-DhJNU _bENG _cBD-DhJNU _dBD-DhJNU |
||
| 082 | 0 | 0 |
_a346.5492 LAW _223 |
| 245 | 1 | 0 |
_aLaw and land reforms act in Bangladesh / _cLaw and Parliamentary Affairs Division (Corporate Author) |
| 260 |
_aDhaka : _bThe Deputy Controller, Government Printing Press, _c1860. |
||
| 300 |
_aVarious pages. : _bill. ; _c22 cm. |
||
| 504 | _aIncludes bibliographical references and index. | ||
| 650 | 0 | _aLand reform law | |
| 650 | 0 | _aProperty rights in Bangladesh | |
| 700 | 1 |
_aLaw and Parliamentary Affairs Division _eCorporate Author |
|
| 942 | _cBK | ||
| 999 |
_c2487 _d2487 |
||